[Event "25th Klatovy B 2017"]
[Site "Klatovy CZE"]
[Date "2017.07.01"]
[Round "1.28"]
[White "Parpel, Petr"]
[Black "Stanke, Petr"]
[Result "1/2-1/2"]
[WhiteElo "1758"]
[BlackElo "1284"]
[PlyCount "67"]
[EventDate "2017.07.01"]
[EventType "swiss"]
[EventRounds "9"]
[EventCountry "CZE"]

1. d4 e6 2. c4 f5 3. Nc3 c6 4. Nf3 d5 5. e3 Nf6 6. Bd3 Bd6 7. Ne5 Nbd7 8. f4 O-O 9. O-O Qc7 10. Bd2 b6 11. Rc1 c5 12. Nb5 Qb8 13. Nxd6 Qxd6 14. a3 Bb7 15. Bc3 Rac8 16. Qe2 Rc7 17. Rfd1 Rb8 18. dxc5 Rxc5 19. cxd5 Nxd5 20. Bc4 Qc7 21. Bxd5 Rxd5 22. Nxd7 Qxd7 23. e4 fxe4 24. Qg4 Rd8 25. Re1 Rd3 26. h3 Qf7 27. Be5 Qg6 28. Rc7 Qxg4 29. hxg4 R8d7 30. Rxd7 Rxd7 31. Re3 Rd3 32. Kf2 a6 33. g3 Rxe3 34. Kxe3 1/2-1/2

[Event "25th Klatovy B 2017"]
[Site "Klatovy CZE"]
[Date "2017.07.01"]
[Round "1.29"]
[White "Filip, Petr 1952"]
[Black "Vavrinek, Tomas"]
[Result "0-1"]
[WhiteElo "1372"]
[BlackElo "1750"]
[PlyCount "68"]
[EventDate "2017.07.01"]
[EventType "swiss"]
[EventRounds "9"]
[EventCountry "CZE"]

1. d4 Nf6 2. c4 e6 3. Nf3 d5 4. e3 Be7 5. Bd3 b6 6. O-O Bb7 7. Nbd2 Nbd7 8. a3 c5 9. Rb1 O-O 10. b4 cxd4 11. exd4 dxc4 12. Nxc4 Nd5 13. Rb3 Rc8 14. Re1 N7f6 15. Bd2 Nc7 16. Ng5 h6 17. Nf3 Nb5 18. Bxh6 Bxf3 19. Qxf3 Nxd4 20. Qg3 Nh5 21. Qg4 Nxb3 22. Be2 Nd4 23. Bd3 Nf5 24. Qe4 Nf6 25. Qf3 Nxh6 26. h3 Qd5 27. Qe2 Rfd8 28. Ne5 Bd6 29. Rd1 Qxe5 30. g3 Qxe2 31. Bxe2 Bxb4 32. Rxd8+ Rxd8 33. axb4 Nf5 34. Kg2 Rd2 0-1

[Event "25th Klatovy B 2017"]
[Site "Klatovy CZE"]
[Date "2017.07.01"]
[Round "1.30"]
[White "Bainhofner, Jiri"]
[Black "Veverkova, Dorota"]
[Result "1-0"]
[WhiteElo "1755"]
[BlackElo "1240"]
[PlyCount "121"]
[EventDate "2017.07.01"]
[EventType "swiss"]
[EventRounds "9"]
[EventCountry "CZE"]

1. e4 e5 2. Bc4 Bc5 3. Nf3 Nc6 4. c3 Nf6 5. d3 d5 6. exd5 Nxd5 7. b4 Bb6 8. b5 Nce7 9. Nxe5 Bf5 10. O-O O-O 11. a4 Ng6 12. Nxg6 Bxg6 13. Qf3 c6 14. Bxd5 Qxd5 15. Qxd5 cxd5 16. d4 Rfe8 17. Be3 Rac8 18. Rc1 Ba5 19. Kf1 Bxb1 20. Raxb1 Bxc3 21. Ke2 Ba5 22. Kd3 Rxc1 23. Rxc1 h6 24. Rc5 Rd8 25. Bf4 Bb6 26. Rc1 Re8 27. Bc7 Rc8 28. Bf4 Re8 29. f3 a6 30. bxa6 bxa6 31. Rc6 Re6 32. Rxe6 fxe6 33. Kc3 a5 34. Bd6 Kf7 35. h4 g5 36. hxg5 hxg5 37. g4 Bd8 38. Kd3 Be7 39. Bc7 Bb4 40. Ke3 Kf6 41. f4 gxf4+ 42. Bxf4 Ba3 43. Kf3 Bb2 44. Ke3 Kg6 45. Kd3 Kf6 46. Bd2 e5 47. dxe5+ Kxe5 48. Bc3+ Bxc3 49. Kxc3 Ke4 50. Kd2 Kf4 51. Kd3 Kxg4 52. Kd4 Kf4 53. Kxd5 Kf5 54. Kc6 Ke6 55. Kc5 Ke5 56. Kb6 Kd6 57. Kxa5 Kc5 58. Ka6 Kb4 59. a5 Kc5 60. Kb7 Kd6 61. a6 1-0

[Event "25th Klatovy B 2017"]
[Site "Klatovy CZE"]
[Date "2017.07.01"]
[Round "1.31"]
[White "Stanke, Vilem"]
[Black "Sova, Zdenek"]
[Result "0-1"]
[WhiteElo "1334"]
[BlackElo "1672"]
[PlyCount "68"]
[EventDate "2017.07.01"]
[EventType "swiss"]
[EventRounds "9"]
[EventCountry "CZE"]

1. e4 c5 2. Nf3 e6 3. d4 cxd4 4. Nxd4 a6 5. c4 Qc7 6. Bd3 g6 7. Nc3 Bg7 8. Be3 Ne7 9. O-O O-O 10. Rc1 Nbc6 11. Nce2 Ne5 12. Bf4 Qb6 13. b3 Nxd3 14. Qxd3 e5 15. Be3 exd4 16. Nxd4 Qc7 17. Nf3 b6 18. a4 Bb7 19. b4 d6 20. c5 dxc5 21. bxc5 Rad8 22. Qb1 b5 23. axb5 axb5 24. Qxb5 Bxe4 25. Ng5 Bd3 26. Qb6 Qxb6 27. cxb6 Bxf1 28. Kxf1 Nd5 29. Bc5 Rfe8 30. b7 Be5 31. g3 Bb8 32. Ne4 Rxe4 33. Bd4 Rxd4 34. Rc8 Ne7 0-1

[Event "25th Klatovy B 2017"]
[Site "Klatovy CZE"]
[Date "2017.07.01"]
[Round "1.32"]
[White "Hosnedl, Matyas"]
[Black "Zimmermann, Ladislav"]
[Result "1-0"]
[WhiteElo "1739"]
[BlackElo "1320"]
[PlyCount "41"]
[EventDate "2017.07.01"]
[EventType "swiss"]
[EventRounds "9"]
[EventCountry "CZE"]

1. e4 e5 2. Nc3 Nf6 3. Bc4 Bb4 4. d3 O-O 5. f4 Nc6 6. f5 b6 7. g4 Na5 8. Bb3 Nxb3 9. axb3 d5 10. g5 Nd7 11. Bd2 Bxc3 12. bxc3 Bb7 13. Qg4 f6 14. g6 Nc5 15. b4 Nd7 16. Nf3 c5 17. Rg1 Qe7 18. gxh7+ Kh8 19. Nh4 Qf7 20. Ng6+ Kxh7 21. Qh5+ 1-0

[Event "25th Klatovy B 2017"]
[Site "Klatovy CZE"]
[Date "2017.07.01"]
[Round "1.33"]
[White "Nagyova, Daniela"]
[Black "Soukup, Jiri1"]
[Result "0-1"]
[WhiteElo "1164"]
[BlackElo "1640"]
[PlyCount "84"]
[EventDate "2017.07.01"]
[EventType "swiss"]
[EventRounds "9"]
[EventCountry "CZE"]

1. e4 e6 2. d4 d5 3. e5 c5 4. c3 Nc6 5. Bb5 cxd4 6. cxd4 Bd7 7. Nc3 Qb6 8. Nf3 Bb4 9. a3 Bxc3+ 10. bxc3 Qxb5 11. Nd2 Qa5 12. Bb2 Nge7 13. h4 Ng6 14. h5 Nf4 15. Qf3 Qb5 16. Qxf4 Qxb2 17. O-O Qxc3 18. Nf3 Qd3 19. Rab1 Rb8 20. h6 gxh6 21. Qxh6 Nxd4 22. Nxd4 Qxd4 23. Qg7 Rf8 24. Qxh7 Qxe5 25. Qc2 Rh8 26. g3 Qh5 27. Kg2 Qh3+ 28. Kf3 Bc6 29. Ke2 a6 30. a4 Qg4+ 31. Ke1 Qxa4 32. Qc3 Qe4+ 33. Kd2 d4 34. Qb3 Qd5 35. Qb4 Qg5+ 36. Ke1 Bb5 37. Kd1 Bxf1 38. Qd6 Qg4+ 39. Kc2 Qe2+ 40. Kb3 Qc4+ 41. Kb2 Qc3+ 42. Ka2 Bc4+ 0-1

[Event "25th Klatovy B 2017"]
[Site "Klatovy CZE"]
[Date "2017.07.01"]
[Round "1.34"]
[White "Svec, Ludek"]
[Black "Vilimek, Vit"]
[Result "1-0"]
[WhiteElo "1723"]
[BlackElo "1276"]
[PlyCount "101"]
[EventDate "2017.07.01"]
[EventType "swiss"]
[EventRounds "9"]
[EventCountry "CZE"]

1. d4 Nf6 2. Nf3 d5 3. g3 e6 4. Bg2 c5 5. O-O Nc6 6. c4 b6 7. Nc3 Ba6 8. Qa4 Bb7 9. Rd1 Nd7 10. cxd5 exd5 11. Nxd5 cxd4 12. b4 a5 13. b5 Nb4 14. Nxb4 axb4 15. Qc2 Rc8 16. Qd3 Bxf3 17. Qxf3 Bc5 18. Qe4+ Qe7 19. Bb2 Qxe4 20. Bxe4 Nf6 21. Bc6+ Ke7 22. Bxd4 Rhe8 23. Bxc5+ bxc5 24. Bxe8 Rxe8 25. Rac1 Ne4 26. Rc4 Kf6 27. e3 Nc3 28. Rd2 Ne4 29. Rdc2 Ra8 30. Kg2 Ke5 31. f3 Nc3 32. Rxc5+ Kd6 33. Rc6+ Kd5 34. Rd2+ Ke5 35. e4 f5 36. Rc5+ Ke6 37. exf5+ Ke7 38. b6 Rb8 39. Rc7+ Kf6 40. b7 Kxf5 41. Rdd7 Nxa2 42. Rc8 b3 43. Rxb8 b2 44. Rd1 Nc1 45. Rc8 b1=Q 46. b8=Q Qa2+ 47. Kh3 Ne2 48. Rc5+ Kf6 49. Rd6+ Ke7 50. Qc7+ Ke8 51. Rd8# 1-0

[Event "25th Klatovy B 2017"]
[Site "Klatovy CZE"]
[Date "2017.07.01"]
[Round "1.35"]
[White "Skalicky, Jindrich"]
[Black "Rerabek, Jaroslav"]
[Result "0-1"]
[WhiteElo "1274"]
[BlackElo "1721"]
[PlyCount "68"]
[EventDate "2017.07.01"]
[EventType "swiss"]
[EventRounds "9"]
[EventCountry "CZE"]

1. e4 e5 2. Nf3 Nc6 3. Bb5 f5 4. Nc3 Nf6 5. d3 h6 6. Qd2 fxe4 7. Nxe4 d5 8. Bxc6+ bxc6 9. Nxf6+ Qxf6 10. O-O Bd6 11. Ne1 O-O 12. Qc3 Bd7 13. Bd2 Qh4 14. g3 Qe7 15. Rb1 Bc5 16. b4 Bd4 17. Qb3 Rf7 18. Bc3 Bb6 19. Rd1 Raf8 20. d4 exd4 21. Bxd4 Bxd4 22. Rxd4 Qe2 23. Nd3 Bh3 24. Qb1 Bxf1 25. Qxf1 Qxc2 26. Nf4 Qxa2 27. Ng6 Re8 28. Rf4 Rxf4 29. Nxf4 Qd2 30. Qa1 Re1+ 31. Qxe1 Qxe1+ 32. Kg2 Qxb4 33. Ne6 Qd6 34. Nd4 a5 0-1

[Event "25th Klatovy B 2017"]
[Site "Klatovy CZE"]
[Date "2017.07.01"]
[Round "1.36"]
[White "Svanda, Adam"]
[Black "Zilava, Anezka"]
[Result "1-0"]
[WhiteElo "1699"]
[BlackElo "1245"]
[PlyCount "57"]
[EventDate "2017.07.01"]
[EventType "swiss"]
[EventRounds "9"]
[EventCountry "CZE"]

1. c4 e5 2. Nc3 Nf6 3. g3 d5 4. cxd5 Nxd5 5. Bg2 Nxc3 6. bxc3 Nc6 7. Nf3 Bc5 8. O-O Bf5 9. a4 O-O 10. Qb3 Na5 11. Qb5 b6 12. Nxe5 Rc8 13. e4 Be6 14. d4 Bd6 15. Nc6 Bc4 16. Nxd8 Bxb5 17. axb5 Rcxd8 18. Bg5 f6 19. Be3 c5 20. bxc6 Nxc6 21. e5 Nxd4 22. cxd4 fxe5 23. dxe5 Bxe5 24. Rxa7 b5 25. Ra5 Rb8 26. Rb1 Rfd8 27. Raxb5 Rxb5 28. Rxb5 Rd1+ 29. Bf1 1-0

[Event "25th Klatovy B 2017"]
[Site "Klatovy CZE"]
[Date "2017.07.01"]
[Round "1.37"]
[White "Janous, Marek"]
[Black "Ruzicka, Filip1"]
[Result "1-0"]
[WhiteElo "1168"]
[BlackElo "1644"]
[PlyCount "51"]
[EventDate "2017.07.01"]
[EventType "swiss"]
[EventRounds "9"]
[EventCountry "CZE"]

1. e4 c5 2. Nf3 a6 3. d4 cxd4 4. Nxd4 e5 5. Nf3 Nf6 6. Bg5 Bc5 7. Nc3 Nc6 8. Bd3 O-O 9. Nd5 Qa5+ 10. c3 Nxd5 11. exd5 Ne7 12. b4 Bxb4 13. cxb4 Qxb4+ 14. Bd2 Qg4 15. O-O e4 16. Bxe4 Qxe4 17. Re1 Qxd5 18. Rxe7 Qc5 19. Re5 Qa7 20. Be3 b6 21. Qd6 Qb8 22. Qxb6 Bb7 23. Rb1 Bxf3 24. Qxb8 Raxb8 25. Rxb8 Rxb8 26. gxf3 1-0

[Event "25th Klatovy B 2017"]
[Site "Klatovy CZE"]
[Date "2017.07.01"]
[Round "1.38"]
[White "Frnoch, Vojtech"]
[Black "Vavrinkova, Marie"]
[Result "1-0"]
[WhiteElo "1660"]
[BlackElo "1130"]
[PlyCount "93"]
[EventDate "2017.07.01"]
[EventType "swiss"]
[EventRounds "9"]
[EventCountry "CZE"]

1. c4 c5 2. Nc3 Nc6 3. g3 Nf6 4. Bg2 Ne5 5. b3 d6 6. Qc2 e6 7. e3 Be7 8. Nge2 Ng6 9. d4 O-O 10. Bb2 Qc7 11. O-O Bd7 12. Rad1 Rad8 13. Ne4 Nxe4 14. Bxe4 Rfe8 15. Nc3 Bf6 16. d5 b6 17. dxe6 Bxe6 18. Nb5 Qe7 19. Bg2 Bxb2 20. Qxb2 a6 21. Nc3 h6 22. Rd2 Ne5 23. Rfd1 Bg4 24. Nd5 Qb7 25. Nf6+ gxf6 26. Bxb7 Bxd1 27. Rxd1 a5 28. Qe2 Rd7 29. Ba6 Rde7 30. f4 Ng6 31. Qg4 Ra7 32. Bb5 Kh7 33. Kf2 Re6 34. Bc6 Rae7 35. Re1 Rc7 36. Bd5 Re8 37. Qf5 Kg7 38. Qg4 Kh7 39. h4 Nf8 40. Qf5+ Kg7 41. g4 Nd7 42. g5 hxg5 43. hxg5 Nb8 44. gxf6+ Kf8 45. Rh1 Kg8 46. Qg5+ Kf8 47. Rh8# 1-0

[Event "25th Klatovy B 2017"]
[Site "Klatovy CZE"]
[Date "2017.07.01"]
[Round "1.39"]
[White "Palla, Marek"]
[Black "Pravda, Krystof"]
[Result "0-1"]
[WhiteElo "1184"]
[BlackElo "1636"]
[PlyCount "30"]
[EventDate "2017.07.01"]
[EventType "swiss"]
[EventRounds "9"]
[EventCountry "CZE"]

1. e4 e5 2. Nf3 Nc6 3. d4 exd4 4. Nxd4 Nf6 5. Nc3 Bb4 6. Nxc6 bxc6 7. e5 Qe7 8. Qe2 Bxc3+ 9. bxc3 Nd5 10. c4 Ba6 11. Qe4 Nf6 12. Qe3 Ng4 13. Qg3 Nxe5 14. Qxg7 Nf3+ 15. Kd1 Qe1# 0-1

[Event "25th Klatovy B 2017"]
[Site "Klatovy CZE"]
[Date "2017.07.01"]
[Round "1.40"]
[White "Kovar, Vaclav 1953"]
[Black "Lang, Simon"]
[Result "1-0"]
[WhiteElo "1650"]
[BlackElo "1166"]
[PlyCount "75"]
[EventDate "2017.07.01"]
[EventType "swiss"]
[EventRounds "9"]
[EventCountry "CZE"]

1. d4 Nf6 2. c4 e6 3. Nc3 Be7 4. e4 O-O 5. Nf3 b6 6. Bd3 Bb7 7. Bg5 c5 8. dxc5 bxc5 9. O-O d5 10. Bxf6 Bxf6 11. e5 Be7 12. Qc2 g6 13. Rae1 Nc6 14. cxd5 Nb4 15. Qb3 Rb8 16. Be4 Ba6 17. dxe6 Nd3 18. exf7+ Kh8 19. Qa3 Rb6 20. Nd5 Nxb2 21. Nxb6 Qxb6 22. Rb1 Bxf1 23. Rxb2 Bb5 24. Qc3 Rxf7 25. a4 Rf4 26. Rxb5 Qd8 27. Qd3 Qxd3 28. Bxd3 c4 29. Bc2 c3 30. Kf1 Rxa4 31. Bxa4 a6 32. Rb8+ Kg7 33. Rb7 Kf7 34. Rc7 Ke6 35. Rxc3 Bb4 36. Rc6+ Kd5 37. Rxa6 Be7 38. Ke2 1-0

[Event "25th Klatovy B 2017"]
[Site "Klatovy CZE"]
[Date "2017.07.01"]
[Round "1.41"]
[White "Bukvaj, Jan"]
[Black "Leseticky, Vladimir"]
[Result "0-1"]
[WhiteElo "1100"]
[BlackElo "1685"]
[PlyCount "88"]
[EventDate "2017.07.01"]
[EventType "swiss"]
[EventRounds "9"]
[EventCountry "CZE"]

1. e4 d5 2. exd5 Nf6 3. Bc4 Nxd5 4. Bxd5 Qxd5 5. Nc3 Qxg2 6. Qf3 Qxf3 7. Nxf3 Bd7 8. Ne5 Bf5 9. d3 f6 10. Nf3 Bd7 11. Bf4 e5 12. Bd2 g5 13. d4 g4 14. Nh4 Bc6 15. Rg1 exd4 16. Ne2 Be4 17. Rxg4 f5 18. Rf4 Bd6 19. Rxe4+ fxe4 20. Nxd4 Bxh2 21. Ne6 Na6 22. Bc3 Rg8 23. Ke2 Rg4 24. Bf6 Kf7 25. Rd1 Kxf6 26. Rd7 Kxe6 27. Rxh7 Rf8 28. Rh6+ Rf6 29. Rxf6+ Kxf6 30. f3 Rxh4 31. fxe4 Rxe4+ 32. Kf3 Re8 33. c4 Kg5 34. Kg2 Bd6 35. b3 Kg4 36. a4 Rf8 37. c5 Be5 38. b4 Nxb4 39. c6 b6 40. a5 b5 41. a6 Nc2 42. Kh1 Kg3 43. Kg1 Bd4+ 44. Kh1 Rf1# 0-1

[Event "25th Klatovy B 2017"]
[Site "Klatovy CZE"]
[Date "2017.07.01"]
[Round "1.42"]
[White "Cipera, Josef"]
[Black "Bukvaj, Martin"]
[Result "1-0"]
[WhiteElo "1691"]
[BlackElo "1100"]
[PlyCount "83"]
[EventDate "2017.07.01"]
[EventType "swiss"]
[EventRounds "9"]
[EventCountry "CZE"]

1. e4 e5 2. Nf3 Nc6 3. Bb5 a6 4. Ba4 Nf6 5. O-O Bc5 6. c3 O-O 7. Re1 d6 8. d4 exd4 9. cxd4 Bb4 10. Nc3 b5 11. Bc2 Bg4 12. Qd3 Bxc3 13. bxc3 Bxf3 14. Qxf3 Re8 15. Bg5 Qc8 16. e5 dxe5 17. Qxc6 Qg4 18. Bxf6 gxf6 19. Qxf6 Qg7 20. Qxg7+ Kxg7 21. Rxe5 Rxe5 22. dxe5 Re8 23. f4 Re6 24. Rd1 c6 25. Rd6 Rxd6 26. exd6 Kf8 27. Bxh7 c5 28. Kf2 Kg7 29. d7 Kxh7 30. d8=Q c4 31. Qb6 f5 32. Qxa6 Kg8 33. Qxb5 Kf7 34. Qxc4+ Kf6 35. Qc6+ Ke7 36. a4 Kd8 37. a5 Ke7 38. a6 Kf7 39. a7 Kg8 40. a8=R+ Kf7 41. Ra7+ Kf8 42. Qc8# 1-0

[Event "25th Klatovy B 2017"]
[Site "Klatovy CZE"]
[Date "2017.07.01"]
[Round "1.43"]
[White "Skrivan, Matej 2008"]
[Black "Vavrousek, Petr"]
[Result "0-1"]
[WhiteElo "1100"]
[BlackElo "1686"]
[PlyCount "42"]
[EventDate "2017.07.01"]
[EventType "swiss"]
[EventRounds "9"]
[EventCountry "CZE"]

1. e4 c5 2. Nf3 Nc6 3. Bb5 g6 4. Nc3 Bg7 5. O-O Nf6 6. d3 O-O 7. Bg5 a6 8. Bc4 b5 9. Bb3 d6 10. Nd5 Bg4 11. Nxf6+ exf6 12. Bh4 Nd4 13. Qd2 Bxf3 14. gxf3 Nxf3+ 15. Kh1 Nxd2 16. Rg1 Nf3 17. Rg2 Nxh4 18. Rgg1 Qd7 19. c4 Qh3 20. cxb5 Qf3+ 21. Rg2 Qxg2# 0-1

[Event "25th Klatovy B 2017"]
[Site "Klatovy CZE"]
[Date "2017.07.01"]
[Round "1.44"]
[White "Schille, Hannes"]
[Black "Vilasek, Martin"]
[Result "1-0"]
[WhiteElo "1690"]
[BlackElo "1100"]
[PlyCount "67"]
[EventDate "2017.07.01"]
[EventType "swiss"]
[EventRounds "9"]
[EventCountry "CZE"]

1. d4 f5 2. c4 Nf6 3. Nc3 e6 4. Nf3 Nc6 5. Bf4 Be7 6. e3 d6 7. Be2 O-O 8. O-O b6 9. Bg3 Bb7 10. d5 exd5 11. cxd5 Nb4 12. Ng5 Re8 13. Ne6 Qc8 14. Bc4 Rb8 15. a3 Na6 16. Nb5 Ra8 17. Rc1 Qd7 18. Qd4 Kf7 19. Rfe1 h6 20. e4 g5 21. exf5 g4 22. Re4 Rg8 23. Rf4 Nh5 24. Rxg4 Bf6 25. Qd1 Bxb2 26. Rc2 Nxg3 27. Rxg3 Rxg3 28. hxg3 Bh8 29. Qh5+ Kf6 30. Qg6+ Ke7 31. Re2 Qe8 32. Nexc7+ Kd7 33. Rxe8 Rxe8 34. Qxe8# 1-0

[Event "25th Klatovy B 2017"]
[Site "Klatovy CZE"]
[Date "2017.07.01"]
[Round "1.45"]
[White "Velkoborsky, Tadeas"]
[Black "Hartmann, Andreas 1969"]
[Result "0-1"]
[WhiteElo "1100"]
[BlackElo "1685"]
[PlyCount "86"]
[EventDate "2017.07.01"]
[EventType "swiss"]
[EventRounds "9"]
[EventCountry "CZE"]

1. e4 g6 2. Nf3 Bg7 3. Bc4 e6 4. O-O Ne7 5. Nc3 O-O 6. d3 c6 7. Bg5 a5 8. Qe2 b5 9. Bxb5 cxb5 10. Nxb5 f6 11. Be3 d6 12. a4 Nbc6 13. Bf4 e5 14. Bd2 d5 15. exd5 Nxd5 16. c4 Nc7 17. Nxc7 Qxc7 18. Ra3 Bg4 19. Qe4 Be6 20. Rb3 Rab8 21. Rxb8 Rxb8 22. Rb1 Qd6 23. h3 Rd8 24. Ne1 f5 25. Qf3 Nd4 26. Qe3 f4 27. Qe4 Nb3 28. Nf3 Nxd2 29. Nxd2 Qxd3 30. Qc6 Bf7 31. Qb6 Qxd2 32. Qb3 e4 33. Rf1 e3 34. fxe3 Qxe3+ 35. Qxe3 fxe3 36. Re1 Bxb2 37. Re2 Rd1+ 38. Kh2 Be5+ 39. g3 Bxc4 40. h4 Bxe2 41. Kg2 Bg4 42. Kh2 Bf3 43. h5 Rh1# 0-1

[Event "25th Klatovy B 2017"]
[Site "Klatovy CZE"]
[Date "2017.07.01"]
[Round "1.46"]
[White "Kubat, Zbynek"]
[Black "Velkoborsky, Jan"]
[Result "1-0"]
[WhiteElo "1682"]
[BlackElo "1058"]
[PlyCount "79"]
[EventDate "2017.07.01"]
[EventType "swiss"]
[EventRounds "9"]
[EventCountry "CZE"]

1. e4 e5 2. Nf3 Nc6 3. Bc4 Bc5 4. Nc3 Nf6 5. h3 d6 6. d3 O-O 7. Bg5 h6 8. Be3 Bxe3 9. fxe3 Na5 10. Nd2 Nxc4 11. Nxc4 Be6 12. Nd2 Qd7 13. d4 exd4 14. exd4 Rae8 15. O-O Qe7 16. Qf3 b6 17. Rae1 c6 18. d5 Bd7 19. a3 Qd8 20. Qg3 Re5 21. Nf3 Re7 22. Qxd6 Qe8 23. Qf4 cxd5 24. exd5 Rxe1 25. Rxe1 Qb8 26. Qxb8 Rxb8 27. Nd4 Re8 28. Rxe8+ Bxe8 29. Kf2 Kf8 30. Ndb5 Bxb5 31. Nxb5 a6 32. Nc7 a5 33. Ke3 Ke7 34. c4 Kd6 35. Nb5+ Kc5 36. Kd3 a4 37. Nc3 b5 38. Nxb5 Nd7 39. Nc3 Nb6 40. Ne4# 1-0

[Event "25th Klatovy B 2017"]
[Site "Klatovy CZE"]
[Date "2017.07.01"]
[Round "1.47"]
[White "Valdman, Jakub"]
[Black "Fekete, Frantisek 1941"]
[Result "0-1"]
[WhiteElo "1070"]
[BlackElo "1678"]
[PlyCount "68"]
[EventDate "2017.07.01"]
[EventType "swiss"]
[EventRounds "9"]
[EventCountry "CZE"]

1. e4 e5 2. Nf3 Nc6 3. Bb5 f5 4. Nc3 fxe4 5. Nxe4 d5 6. Ng3 e4 7. Nd4 Qf6 8. Nxc6 bxc6 9. Ba4 Rb8 10. O-O Bc5 11. Qe2 Ne7 12. d3 Ba6 13. Rb1 exd3 14. cxd3 O-O 15. Be3 Bd4 16. Bxd4 Qxd4 17. Qxe7 Qxa4 18. Nh5 Rf7 19. Qe6 Bxd3 20. Rfe1 Bxb1 21. Rxb1 Qe4 22. Re1 Qxe6 23. Rxe6 Rxb2 24. h3 Rfxf2 25. Re1 Rxg2+ 26. Kh1 Rge2 27. Rd1 Rxa2 28. Ng3 Rh2+ 29. Kg1 Rag2+ 30. Kf1 Rxg3 31. Ra1 Rh1+ 32. Kf2 Rxa1 33. Kxg3 Ra4 34. Kf3 Kf7 0-1

[Event "25th Klatovy B 2017"]
[Site "Klatovy CZE"]
[Date "2017.07.01"]
[Round "1.48"]
[White "Boucek, Vlastimil 1968"]
[Black "Krejbich, Lukas"]
[Result "1-0"]
[WhiteElo "1677"]
[BlackElo "1041"]
[PlyCount "85"]
[EventDate "2017.07.01"]
[EventType "swiss"]
[EventRounds "9"]
[EventCountry "CZE"]

1. e4 e5 2. Nf3 d6 3. Bc4 Be6 4. Bxe6 fxe6 5. d4 Nc6 6. c3 Nge7 7. Bg5 Qd7 8. O-O O-O-O 9. Qa4 Re8 10. Bxe7 Bxe7 11. d5 exd5 12. exd5 Nb8 13. Qxa7 e4 14. Nd4 Bf6 15. Ne6 Qb5 16. Rd1 Qe2 17. Na3 Be5 18. Re1 Qh5 19. g3 Qf5 20. Qe3 Qf3 21. Qxe4 Qxe4 22. Rxe4 c6 23. Ree1 cxd5 24. Nd4 Rhf8 25. Nac2 Nc6 26. Nxc6 bxc6 27. a4 h5 28. Re3 Rf5 29. f4 Rh8 30. fxe5 dxe5 31. Rf1 Rg5 32. h3 h4 33. g4 e4 34. Rf7 c5 35. b4 cxb4 36. cxb4 Re8 37. Nd4 Rg6 38. Rc3+ Kb8 39. Nc6+ Rxc6 40. Rxc6 e3 41. Kf1 d4 42. Rd6 e2+ 43. Ke1 1-0

[Event "25th Klatovy B 2017"]
[Site "Klatovy CZE"]
[Date "2017.07.01"]
[Round "1.49"]
[White "Devera, Filip"]
[Black "Vavrinkova, Jitka"]
[Result "1/2-1/2"]
[WhiteElo "1000"]
[BlackElo "1676"]
[PlyCount "64"]
[EventDate "2017.07.01"]
[EventType "swiss"]
[EventRounds "9"]
[EventCountry "CZE"]

1. e4 e6 2. d4 d5 3. Nc3 Nf6 4. exd5 exd5 5. Nf3 Bd6 6. Bd3 c6 7. O-O O-O 8. Ne5 Qc7 9. Nf3 Bg4 10. g3 Nbd7 11. Be2 Rfe8 12. Ng5 Bf5 13. Bd3 Bg6 14. Bxg6 hxg6 15. Ne2 Nh5 16. Nh3 Re4 17. f3 Ree8 18. Nef4 Nf8 19. Re1 Qd7 20. Nxh5 Qxh3 21. Nf4 Qf5 22. Be3 g5 23. Qd3 Qf6 24. Ng2 Ne6 25. Rf1 Qh6 26. f4 g6 27. f5 Nf8 28. Rae1 Qh5 29. fxg6 fxg6 30. Rf6 Be7 31. Rf2 Ne6 32. Ref1 Rf8 1/2-1/2

[Event "25th Klatovy B 2017"]
[Site "Klatovy CZE"]
[Date "2017.07.01"]
[Round "1.50"]
[White "Rychtecky, Pavel"]
[Black "Kalista, Frantisek"]
[Result "1-0"]
[WhiteElo "1643"]
[BlackElo "1000"]
[PlyCount "93"]
[EventDate "2017.07.01"]
[EventType "swiss"]
[EventRounds "9"]
[EventCountry "CZE"]

1. e4 e6 2. d4 d5 3. Nc3 g6 4. Nf3 Bg7 5. Be3 b6 6. exd5 exd5 7. Bd3 Bb7 8. O-O Nf6 9. Re1 O-O 10. Bg5 Nbd7 11. Qd2 c5 12. h3 Re8 13. Nb5 Nb8 14. Rxe8+ Qxe8 15. Nc7 Qc8 16. Nxa8 Nc6 17. Nxb6 axb6 18. dxc5 bxc5 19. c3 c4 20. Bc2 Ne4 21. Bxe4 dxe4 22. Nh2 f6 23. Be3 Ne5 24. Bd4 Qd7 25. Rd1 Nd3 26. Ng4 f5 27. Bxg7 fxg4 28. Bd4 gxh3 29. gxh3 Qxh3 30. Qg5 Qe6 31. Rd2 Bc6 32. b3 cxb3 33. axb3 Bb7 34. c4 Bc6 35. Be3 Qe8 36. b4 Qe6 37. b5 Bd7 38. Qh4 h5 39. b6 Bc6 40. c5 Qe5 41. Qd8+ Be8 42. b7 Nxc5 43. b8=Q Qa1+ 44. Kg2 Qe5 45. Qxe8+ Qxe8 46. Qxe8+ Kg7 47. Qe7+ 1-0

[Event "25th Klatovy B 2017"]
[Site "Klatovy CZE"]
[Date "2017.07.01"]
[Round "1.51"]
[White "Langova, Hana"]
[Black "Stvan, Marek"]
[Result "0-1"]
[WhiteElo "1000"]
[BlackElo "1663"]
[PlyCount "98"]
[EventDate "2017.07.01"]
[EventType "swiss"]
[EventRounds "9"]
[EventCountry "CZE"]

1. d4 d5 2. Nc3 c6 3. Nf3 Bg4 4. Bg5 Nd7 5. e4 h6 6. Bf4 dxe4 7. Nxe4 Ngf6 8. Bd3 Nd5 9. Bg3 N7f6 10. h3 Bh5 11. Qd2 Qb6 12. Nc5 e6 13. Nb3 Be7 14. O-O-O a5 15. Ne5 Bxd1 16. Nc4 Qd8 17. Rxd1 b6 18. Be5 a4 19. Na1 b5 20. Ne3 b4 21. Bc4 a3 22. b3 Nc3 23. Re1 Nxa2+ 24. Kb1 Nc3+ 25. Kc1 Nfe4 26. Qd3 Na2+ 27. Kb1 Nec3+ 28. Qxc3 Nxc3+ 29. Kc1 O-O 30. Ng4 Bd6 31. Re3 Bxe5 32. Bd3 Bf4 33. Kd2 Qxd4 34. g3 Bxe3+ 35. fxe3 Nb1+ 36. Ke2 Qxa1 37. Nf2 Nc3+ 38. Kf3 Qe1 39. g4 a2 40. h4 a1=Q 41. g5 hxg5 42. Kg4 Qg1+ 43. Kh5 g6+ 44. Kh6 Qh2 45. Kxg5 Qag1+ 46. Ng4 Qh3 47. h5 Qgxg4+ 48. Kf6 Qhxh5 49. Bc4 Qhg5# 0-1

[Event "25th Klatovy B 2017"]
[Site "Klatovy CZE"]
[Date "2017.07.01"]
[Round "1.52"]
[White "Maly, Jiri"]
[Black "Nagy, Ladislav"]
[Result "1-0"]
[WhiteElo "1646"]
[BlackElo "1000"]
[PlyCount "101"]
[EventDate "2017.07.01"]
[EventType "swiss"]
[EventRounds "9"]
[EventCountry "CZE"]

1. e4 c5 2. Nf3 d6 3. d4 cxd4 4. Nxd4 Nc6 5. Bb5 Bd7 6. Bxc6 bxc6 7. O-O g6 8. Nc3 Bg7 9. Be3 Nf6 10. Rb1 O-O 11. h3 Qc7 12. Qd2 a6 13. f3 d5 14. e5 Nh5 15. f4 e6 16. Qf2 Bh8 17. g4 Ng7 18. Nf3 f6 19. Bc5 Rf7 20. Bd6 Qa7 21. Bc5 Qb7 22. Qd4 f5 23. Ng5 Rff8 24. Bxf8 Rxf8 25. Na4 h6 26. Nc5 Qa7 27. Nf3 Bc8 28. b4 Ne8 29. Kg2 Nd6 30. Nxe6 Qxd4 31. Nexd4 Nc4 32. Kg3 fxg4 33. hxg4 Ne3 34. Rfe1 Nxg4 35. Nxc6 Re8 36. Rbd1 h5 37. Rxd5 Bb7 38. Rd6 Ba8 39. c4 Kh7 40. Ng5+ Kg8 41. Rxg6+ Kf8 42. Rd6 Bxc6 43. Rxc6 Rb8 44. a3 a5 45. b5 Rb7 46. a4 Rd7 47. Rc8+ Kg7 48. Rh1 Rd3+ 49. Nf3 Nh6 50. Rxh5 Kg6 51. Rg5+ 1-0

[Event "25th Klatovy B 2017"]
[Site "Klatovy CZE"]
[Date "2017.07.01"]
[Round "1.53"]
[White "Pozar, Pavel"]
[Black "Stross, Frantisek 1952"]
[Result "0-1"]
[WhiteElo "1000"]
[BlackElo "1631"]
[PlyCount "38"]
[EventDate "2017.07.01"]
[EventType "swiss"]
[EventRounds "9"]
[EventCountry "CZE"]

1. e4 e5 2. Bc4 Nf6 3. d4 exd4 4. Bg5 Nc6 5. Bxf6 Qxf6 6. c3 Bc5 7. Bb5 dxc3 8. Nh3 cxb2 9. Bxc6 bxc6 10. e5 Qxe5+ 11. Kf1 bxa1=Q 12. f4 Qe4 13. g3 Qxh1+ 14. Ke2 Qxd1+ 15. Kxd1 Qxb1+ 16. Ke2 Ba6+ 17. Kf3 Qd1+ 18. Ke4 Bd3+ 19. Ke5 Qe2# 0-1